000 01150nam a22003497a 4500
003 CHAP
005 20220329143606.0
008 100802s2001 us r 00010 eng d
010 _a98970
011 _a99942
020 _a0821828215 (alk. paper)
035 _a110628
040 _cCHAP
082 0 4 _a515.42
_bB28
100 1 _aBartle, Robert Gardner
_910624
245 1 2 _aA modern theory of integration
_c/by Robert G. Bartle
260 _aProvidence, R.I. :
_bAmerican Mathematical Society,
_cc2001
300 _axiv, 458 p.
490 0 _aGraduate studies in mathematics
_v; 32
590 _aBATCH-UPD
_b10
_c20130110
_lUCH01
_h1106
590 _aBATCH-UPD
_b10
_c20130410
_lUCH01
_h0658
590 _aBATCH-UPD
_b10
_c20130914
_lUCH01
_h0547
590 _aCONVERSION
_b10
_c20130109
_lUCH01
_h1355
650 1 4 _aCálculo integral.
_923995
650 1 4 _aCálculo integral
_xProblemas, ejercicios, etc.
_923996
650 1 4 _aIntegrales.
_959502
830 0 _aGraduate studies in mathematics
_v; 32
_950185
901 _aBK
911 _aen proceso
942 _cLIBRO
949 _a515.42 B28
_bBC
_cLIBRO
_d33724002214595
_eLIBRO
_h113049
_i110628
_sb
999 _c98970
_d98970